000 00272nam a22001217a 4500
008 171124b xxu||||| |||| 00| 0 eng d
041 _aeng
080 _a54
100 _a11
101 _aKIM
245 _aCHEMISTRY OF THE GOVALENT BOND
_cCLAPP.L.B
942 _2udc
_cBK
999 _c38423
_d38423